| 000 | 00576nam a22001337a 4500 | ||
|---|---|---|---|
| 008 | 101214t xxu||||| |||| 00| 0 eng d | ||
| 050 | _aBS 2825 .R69 1963 | ||
| 100 | _aH. H. Rowley | ||
| 245 |
_aThe relevance of apocalyptic; a study of Jewish and Christian apocalypses from Daniel to the Revelation _cH H Rowley |
||
| 260 |
_aNew York, _bAssociation Press _c1963 |
||
| 300 |
_axii; 240 p. _c 23 cm. |
||
| 942 |
_2lcc _cBK |
||
| 999 |
_c37659 _d37659 |
||